Pays sans voyelles - Statistiques

Statistiques générales
  • Ce quiz a été pris 154 fois
  • Le résultat moyen est 16 sur 20
Statistiques - réponses
Pays sans voyelles Pays % Correct
frnc France
100%
jpn Japon
99%
thlnd Thaïlande
99%
vtnm Vietnam
99%
llmgn Allemagne
97%
rpblq dmncn République Dominicaine
97%
fdj Fidji | Îles Fidji
95%
spgn Espagne
93%
cnd Canada
91%
pps nvll gn Papouasie-Nouvelle-Guinée
88%
plgn Pologne
88%
trq Turquie
88%
sss Suisse
82%
rb sdt Arabie Saoudite
64%
krbt Kiribati
63%
strl Australie
60%
lgr Algérie
58%
ndns Indonésie
46%
rn Iran
38%
rm n Royaume-Uni
29%
Aucun quiz correspondant
Distribution des résultats
% des personnes avec chaque résultat
Percentile par nombre de réponses
Votre historique - résultats
Vous n’avez pas pris ce quiz